|
|
|
|
| LEADER |
01542nam a22003252a 4500 |
| 001 |
000810220 |
| 003 |
CZ BrMZK |
| 005 |
20210629123051.0 |
| 007 |
ta |
| 008 |
060301s1955 xr er|||||||||||cze d |
| 015 |
|
|
|a cnb000717622
|
| 040 |
|
|
|a ABA001
|b cze
|c ULG001
|d ABA001
|d BOA001
|
| 041 |
1 |
|
|a cze
|h rus
|
| 245 |
0 |
0 |
|a Repertoární sborník :
|b materiály pro armádní kulturně umělecké kroužky a soubory.
|n Čís. 14,
|p K desátému výročí osvobození /
|c spoluprac. Josef Bartl, Drahomíra Halousková, Miroslav Ryšavý a red. kruh
|
| 246 |
3 |
0 |
|a K desátému výročí osvobození
|
| 260 |
|
|
|a Praha :
|b Ústř. dům čs. armády,
|c 1955
|f (Naše vojsko)
|
| 300 |
|
|
|a 154, [1] s. ;
|c 8°
|
| 500 |
|
|
|a Odkazy na lit.
|
| 500 |
|
|
|a Doporučující seznam kult. materiálů
|
| 500 |
|
|
|a Některé články, básně a texty písní přel. z ruš.
|
| 500 |
|
|
|a Noty
|
| 500 |
|
|
|a Pozn.
|
| 520 |
2 |
|
|a V básních, povídkách, satirách, divadelních hrách a písních sborníku vzpomínají naši i sovětští básníci a spisovatelé na hrůzy minulé války. oslavují vítězství Sovětské armády, protestují proti novým válečným přípravám a vyzývají k boji za mír.
|
| 700 |
1 |
|
|a Bartl, Josef,
|d 1903-1972
|7 jk01010848
|4 edt
|
| 700 |
1 |
|
|a Halousková, Drahomíra
|4 edt
|
| 700 |
1 |
|
|a Ryšavý, Miroslav,
|d 1926-
|7 xx0057693
|4 edt
|
| 910 |
|
|
|a BOA001
|b 2-0352.828
|
| 990 |
|
|
|a BK
|
| 991 |
|
|
|b 200603
|
| 996 |
6 |
|
|b 2619224390
|c 2-0352.828
|d 1955 14
|v 14
|y 1955
|l MZK
|r Sklad / do 24 hodin
|n 0
|w 000810217
|u 000080
|a 1
|e BOA001
|j MZK50
|s P
|